| 000 | 00356nam a22001457a 4500 | ||
|---|---|---|---|
| 008 | 250604b |||||||| |||| 00| 0 eng d | ||
| 020 | _a9781669403 | ||
| 050 |
_aP 93.55 _b.A84 |
||
| 100 | _aAsenah S. Ezekiel | ||
| 245 | _aSelected mass media themes | ||
| 260 |
_ajos _buniversity press jos _c2011 |
||
| 300 | _a401p | ||
| 650 | _amass media | ||
| 942 | _cBK | ||
| 999 |
_c3772 _d3772 |
||